Κύριες γραμμές θαλάσσιας μεταφοράς φορτίων (liners) : πτυχιακή εργασία
Saved in:
| Main Author: | |
|---|---|
| Corporate Author: | |
| Other Authors: | |
| Format: | Thesis Book |
| Language: | Greek |
| Published: |
1999.
|
| Subjects: | |
| Tags: |
Add Tag
No Tags, Be the first to tag this record!
|
MARC
| LEADER | 00000cam a2200000 i 4500 | ||
|---|---|---|---|
| 001 | 1/101248 | ||
| 008 | 000208s gre d | ||
| 035 | |l 10057607 | ||
| 040 | |a GR-MY-UA |b gre |e aacr | ||
| 041 | 0 | |a gre | |
| 082 | 0 | |a 387.2432 |2 (22) | |
| 100 | 1 | |a Αναστασάκη, Στυλιανή. | |
| 245 | 1 | 0 | |a Κύριες γραμμές θαλάσσιας μεταφοράς φορτίων (liners) : |b πτυχιακή εργασία / |c Στυλιανή Αναστασάκη ; επιβλέπων καθηγητής : Δημήτρης Πετρόγγονας. |
| 260 | |c 1999. | ||
| 300 | |a 80 σ. | ||
| 500 | |a Επιβλέπων καθηγητής : Δημήτριος Πετρόγγονας. | ||
| 502 | # | # | |a Πτυχιακή εργασία – Πανεπιστήμιο Αιγαίου, Χίος, 1999. |
| 610 | 2 | 0 | |a Πανεπιστήμιο Αιγαίου. |
| 650 | 0 | 0 | |a Ocean liners. |
| 650 | 0 | 0 | |a Dissertations, Academic |z Greece. |
| 700 | 1 | |a Πετρόγγονας, Δημήτρης, |e dgs [Επιβλέπων καθηγητής] | |
| 710 | 1 | |a Πανεπιστήμιο Αιγαίου |b Σχολή Επιστημών της Διοίκησης |b Τμήμα Διοίκησης Επιχειρήσεων - Τ.Δ.Ε. | |
| 852 | |a INST |b CHIOS |c DIATR |e 20000208 |h 387.2432 ΑΝΑ |p 005200018976 |q 005200018976 |t DIE |y 23 | ||
| 901 | |a BIBL2-2000-1 | ||
| 909 | |a Χ |b 074273 | ||
| 924 | |a ΑΝΑΣΤΑΣΑΚΗ |b ΣΤΥΛΙΑΝΗ |y ΧΙΟΣ |z 1999-12 | ||
| 970 | |a ΠΟΥΛΑΚΗ |b ΣΤΕΛΛΑ |z 2000/02/08 | ||